000 00946nas a2200313 4500
001 BR7700230
003 BR-BrBNA
005 20231205083036.0
007 ta
008 230509b bl.|||p| |||| 00| 00por d
040 _aBR-BrBNA
_bpor
_cBiblioteca Nacional de Agricultura
041 _a(Pt)
072 _aL30
100 1 _aRibeiro, P.J.
100 1 _aMoreira, H.A.
100 1 _aVilela, H.
100 1 _aSilva, T.
245 1 _aMelaco desidratado e raspa de mandioca como substitutos parciais do milho para producao de leite
650 _aRACAO
650 _aVACA LEITEIRA
650 _aMELACO DESIDRATADO
650 _aRASPA
650 _aMANDIOCA
650 _aMILHO
650 _aPRODUCAO LEITEIRA
773 0 _tArquivos da Escola de Veterinaria da Universidade Federal de Minas Gerais (Brazil)
_xISSN 0365-8384
_g(1976), v. 28(2) p. 193-200
_wBR7700230
909 _a202311
_bLúcia
_c55
_dLúcia Elande
942 _2AGRIS
_n0
_cANA
999 _c95972
_d95972